| 000 | 00836cam a2200217 4500 | ||
|---|---|---|---|
| 001 | WB3549-18 | ||
| 008 | 000000n1999 000 0 eng u | ||
| 035 | _a(Sirsi) u103202 | ||
| 245 | _aHighways Agency: best value | ||
| 260 | _c1999 | ||
| 490 |
_aNational Audit Office Press Notice _v9 December 1999 (3) |
||
| 520 | _aThe National Audit Office has released information on the extent to which the Highways Agency has achieved best value in the disposal of property which it acquired in connection with road construction. | ||
| 590 | _aWB | ||
| 650 | _aHIGHWAYS AGENCY | ||
| 650 | _aROAD DEVELOPMENT | ||
| 650 | _aCOMPULSORY ACQUISITION | ||
| 650 | _aBEST VALUE | ||
| 650 | _aNATIONAL AUDIT OFFICE | ||
| 690 | _aENVIRONMENTAL AND LAND CONSULTANCY-PLANNING AND DEVELOPMENT-COMPULSORY PURCHASE AND COMPENSATION | ||
| 942 | _n0 | ||
| 999 |
_c62029 _d62029 |
||